000 00668nam a2200217 a 4500
001 BRL_929
005 20190320210946.0
008 241013c1992----mx-a######---#000-0#spa-#
041 _aspa
044 _amx
050 4 _aND257.S2
_b.P53 1992
245 1 0 _aPlástica Contemporánea de San Luis Potosí
_cinvestigación y selección Teresa Palau ; fotografía Daniel Gamboa.
260 _aMéxico
_bComite Organizador ´San Luis 400´
_c1992
300 _a192 p.
_bil. (algunas a color)
_c28 cm.
500 _aAu1025
650 1 4 _aPintura mexicana
_93715
700 1 _aPalau, Teresa
_925352
700 1 _aGamboa, Daniel
_eil.
_925353
902 _aGRL
942 _2lcc
_cB
999 _c9741
_d9741